00655nam a2200217Ia 4500003000400000005001700004008004100021020002900062040001700091082002000108100002000128245010900148250001100257260002500268300001700293500001900310650002600329650003800355650002600393700001800419IIN20250529122017.0231217s2020 xx a 001 0 eng d cRs.475.00a9789388178587 aIINbEnglish a610.73071 bGOP1 aGopichandran, L1 aEssentials of Communication & Education Technologybfor Bsc Nursing /cL. Gopichandran and C. Kanniammal a2nd ed bCBSaNew Delhic2017 axxiv, 304 p. aIncludes Index1 aEducationvTechnology1 aCommunication TechnologyvNursing1 aTechnologyvEducation1 aKanniammal, C